000 00262nam a2200121Ia 4500
005 20251222141946.0
008 251222s9999||||xx |||||||||||||| ||spa||
020 _a88-7573-277-9
082 _a458.61/U61G
245 0 _aDica 33:
264 _bBonacci
942 _cLIB
999 _c9525
_d9525